30 największych miast w Florydzie - Statystyki

Ogólne statystyki
  • Ten quiz został rozwiązany 110 razy
    99 od ostatniego zresetowania
  • Średni wynik to 6 z 30
Odpowiedzi na mapie
Odpowiedzi zakodowano w zielono-czerwonej skali na mapie do tego quizu, zgodnie z poniższymi procentami.
 
Statystyki odpowiedzi
Populacja Miasto % Poprawnych
449 514 Miami
90%
398 173 Tampa
81%
971 319 Jacksonville
68%
316 081 Orlando
65%
261 256 St. Petersburg
39%
201 731 Tallahassee
39%
183 146 Fort Lauderdale
29%
95 949 Fort Myers
23%
152 650 Hollywood
23%
216 992 Cape Coral
19%
220 292 Hialeah
19%
120 932 West Palm Beach
19%
117 027 Clearwater
16%
86 441 Melbourne
16%
99 009 Boca Raton
13%
120 071 Lakeland
10%
112 302 Pompano Beach
10%
231 790 Port St. Lucie
10%
133 369 Coral Springs
6%
97 267 Deltona
6%
145 214 Gainesville
6%
129 234 Palm Bay
6%
98 411 Palm Coast
6%
106 513 Davie
3%
86 772 Deerfield Beach
3%
110 497 Miami Gardens
3%
137 228 Miramar
3%
96 042 Plantation
3%
96 306 Sunrise
3%
169 876 Pembroke Pines
0%
Nie znaleziono quizów pasujących do podanych kryteriów
Rozkład punktacji
Procent ludzi z każdym wynikiem
Percentyl według liczby udzielonych odpowiedzi
Twoja historia wyników
Nie rozwiązałeś tego quizu od ostatniego zresetowania